European recovery program. Hearings before the Committee on Foreign Relations, United States Senate, Eightieth Congress, second session, on United States assistance to European economic recovery.

Saved in:
Bibliographic Details
Corporate Author: United States. Congress. Senate. Committee on Foreign Relations.
Format: Book
Language:English
Published: Washington, U.S. Govt. Print. Off., 1948.
Subjects:
Tags: Add Tag
No Tags, Be the first to tag this record!
LEADER 01183nam a2200277I 4500
001 005651663-0
005 20020606163548.3
008 731025s1948 xx 000 0 eng u
010 |a  48045737 /REV 
035 0 |a ocm00727341 
040 |c DRB  |d HVL 
043 |a e------  |a n-us--- 
050 0 |a HC240  |b .U642 
082 |a 330.94 
110 1 |a United States.  |b Congress.  |b Senate.  |b Committee on Foreign Relations. 
245 1 0 |a European recovery program.  |b Hearings before the Committee on Foreign Relations, United States Senate, Eightieth Congress, second session, on United States assistance to European economic recovery. 
260 |a Washington,  |b U.S. Govt. Print. Off.,  |c 1948. 
300 |a 3pts.  |c 23cm. 
500 |a Arthur H. Vanderburg, chairman. 
505 0 |a pt.1. Jan 8-15, 1948.--pt.2. Jan. 16-28, 1948.--pt.3. Jan. 29-Feb. 5, 1948. 
650 0 |a Reconstruction (1939-1951)  |z Europe. 
651 0 |a Europe  |x Economic conditions  |y 1945- 
610 2 0 |a Marshall Plan. 
776 0 8 |i Online version:  |a United States. Congress. Senate. Committee on Foreign Relations.  |t European recovery program.  |d Washington : U.S. G.P.O., 1948  |w (OCoLC)957064067 
988 |a 20020608 
906 |0 MH